Court of Appeal Criminal Appeal No. 3 OF 1981 Kusain Lukoda Lubinga Vs Uganda (Record no. 2714)
[ view plain ]
| 000 -LEADER | |
|---|---|
| fixed length control field | 00578nam a22001217a 4500 |
| 008 - FIXED-LENGTH DATA ELEMENTS--GENERAL INFORMATION | |
| fixed length control field | 110613t xxu||||| |||| 00| 0 eng d |
| 010 ## - LIBRARY OF CONGRESS CONTROL NUMBER | |
| LC control number | CACA38 |
| 245 ## - TITLE STATEMENT | |
| Title | Court of Appeal Criminal Appeal No. 3 OF 1981 Kusain Lukoda Lubinga Vs Uganda |
| 260 ## - PUBLICATION, DISTRIBUTION, ETC. (IMPRINT) | |
| Date of publication, distribution, etc | 1981 |
| 500 ## - GENERAL NOTE | |
| General note | Coram: Musoke, P., Lubogo, V-P., Asthana, J.A. |
| 500 ## - GENERAL NOTE | |
| General note | Appeal from a conviction and sentence of the High Court of Uganda at Kampala Mr. Oder, J. dated 6th October, 1981 IN Criminal Session Case No. 27 of 1981 |
| Withdrawn status | Lost status | Source of classification or shelving scheme | Damaged status | Koha normalized classification for sorting | Not for loan | Location (home branch) | Sublocation or collection (holding branch) | Shelving location | Date acquired | Koha issues (times borrowed) | Koha full call number | Piece designation (barcode) | Koha date last seen | Price effective from | Koha item type |
|---|---|---|---|---|---|---|---|---|---|---|---|---|---|---|---|
| Dewey Decimal Classification | CACA__38 | Law Development Centre Main Library | Law Development Centre Main Library | Law Reports | 06/13/2011 | CACA_38 | 3/1981/1 | 06/13/2011 | 06/13/2011 | Un Reported Cases |
